00940 2200337 4500001002100000005001500021035002000036007000300056040001700059100002600076245005400102250001200156300003500168504002500203020002200228041000800250082001200258084001800270090002400288264003600312336002100348337003000369338002300399500002900422650001300451700004300464850001000507008004100517990002200558990002200580INLIS00000000000835420260525020943 a0010-0922000843ta aSBPUPADbind0 aJoko SuryoePengarang1 aRahasia Herbal Penyembuhan Diabetes /cJoko Suryo a.-Cet,1 aviii, 100 hlm :bilus ;c19 cm aBibliografi, hlm. 97 a978-979-24-3848-207aInd a616.462 a616.462 JOK r a616.462 JOK r L18-2 a.--Yogyakarta :bB Frist,c2009 2rdacontentateks 2rdamediaatanpa perantara 2rdacarrieravolume aTentang Penulis, hlm. 99 4aDiabetes0 aPenyunting, Imam RisdiyantoePengarang aPUPAD260525 0  a10333/BR/KAPD-PDG a10331/BR/KAPD-PDG